000 00954cam a2200241 4500
001 ABS65987
008 020917n2002 000 0 eng u
035 _a(Sirsi) u119723
100 _aSchoon, N
245 _aNew towns - just history, or an idea for today?
260 _c2002
490 _aTown & Country Planning
_v71(7/8) July/August 2002, 189-191(3)
520 _aDebates whether new towns can accommodate homes which cannot be absorbed by current plans, or should planners concentrate on structured urban extensions. Article takes form of mock-letters between co-authors. Concludes that clusters of homes in variety of settlements is the way forward, as the concept of single places has become outmoded.
590 _aABS
650 _aTOWN AND COUNTRY PLANNING
650 _aURBAN CLUSTERING
650 _aCLUSTERING
650 _aNEW TOWNS
650 _aSETTLEMENTS
690 _aREGENERATION
700 _aHall, P
942 _n0
999 _c71157
_d71157